[Event "ch-Africa Men"]
[Site "Windhoek NAM"]
[Date "2007.09.04"]
[Round "4"]
[White "Aderito,P"]
[Black "Simutowe,A"]
[Result "1/2-1/2"]
[WhiteElo "2305"]
[BlackElo "2421"]

1.Nf3 Nf6 2.d4 e6 3.c4 Bb4+ 4.Bd2 a5 5.a3 Bxd2+ 6.Nbxd2 d5 7.Qc2 O-O 8.e4 dxe4
9.Nxe4 Nbd7 10.Rd1 Nxe4 11.Qxe4 c5 12.Bd3 Nf6 13.Qe5 cxd4 14.Nxd4 Qb6 15.Rd2 a4
16.O-O Rd8 17.Be2 Bd7 18.Rfd1 Be8 19.c5 Nd7 20.Qxg7+ Kxg7 21.cxb6 Rdc8 22.Nb5 Nxb6
23.Nd6 Rc7 24.Nxe8+ Rxe8 25.Kf1 Rec8 26.Rd4 Nc4 27.Bxc4 Rxc4 28.Ke2 b5 29.Ke3 Kf6
30.Rxc4 Rxc4 31.Rd4 Rc5 32.g3 Ke7 33.g4 f5 34.gxf5 Rxf5 35.Rh4 h5 36.Rd4 Rc5
37.h4 Kf6 38.Rb4 Ke5 39.Re4+ Kd5 40.Rd4+ Ke5 41.Re4+ Kf5 42.Rf4+ Ke5 43.Re4+ Kf6
44.Rf4+ Ke7 45.Rb4 Kd6 46.Rd4+  1/2-1/2

[Event "60th ch-RUS Higher League"]
[Site "Krasnoyarsk RUS"]
[Date "2007.09.05"]
[Round "3"]
[White "Iskusnyh,S"]
[Black "Maletin,P"]
[Result "0-1"]
[WhiteElo "2488"]
[BlackElo "2567"]

1.d4 Nf6 2.Nf3 e6 3.c4 Bb4+ 4.Bd2 a5 5.g3 d5 6.Bg2 dxc4 7.Na3 Bxa3 8.Qa4+ b5
9.Qxa3 Qd6 10.O-O Bb7 11.Rfc1 Bd5 12.Bf4 Qb6 13.Bg5 Nc6 14.b3 c3 15.Bxf6 b4
16.Bxg7 bxa3 17.Bxh8 Ke7 18.Be5 f6 19.Bf4 Nxd4 20.Nxd4 Qxd4 21.e4 Bb7 22.Rc2 a4
23.b4 Qxb4 24.Rac1 Rd8 25.Rxc3 Rd1+ 26.Rxd1 Qxc3 27.Rc1 Qb2 28.e5 Bxg2 29.Rxc7+ Kd8
30.exf6 Qxf6 31.Kxg2 e5 32.Rc3 exf4 33.Rxa3 Qc6+ 34.Rf3 a3 35.gxf4 Qd5  0-1

[Event "4th LGA Premium Cup"]
[Site "Nuernberg GER"]
[Date "2007.09.06"]
[Round "1"]
[White "Werner,T2"]
[Black "Gofshtein,Z"]
[Result "0-1"]
[WhiteElo "2015"]
[BlackElo "2541"]

1.d4 Nf6 2.c4 e6 3.Nf3 Bb4+ 4.Bd2 c5 5.Bxb4 cxb4 6.Nbd2 O-O 7.e4 d6 8.g3 b6
9.Bg2 Bb7 10.Qe2 Nfd7 11.O-O a5 12.Rfe1 e5 13.dxe5 dxe5 14.Nf1 Re8 15.Red1 Qe7
16.N3d2 Nc6 17.Ne3 Nd4 18.Qg4 Nc5 19.Nd5 Bxd5 20.exd5 f5 21.Qh5 Qf6 22.Nf3 g6
23.Qh6 Nxf3+ 24.Bxf3 e4 25.Be2 Qxb2 26.Qe3 Rad8 27.Bf1 Qf6 28.Rac1 Re7 29.Rc2 Kg7
30.Re2 Rde8 31.Rdd2 h5 32.h4 Nd7 33.f3 exf3 34.Qxf3 Rxe2 35.Bxe2 Qd6 36.Kg2 Re4
37.Qf1 Ne5 38.Bd3 Rg4 39.Be2 Nxc4 40.Bxg4 Ne3+  0-1

[Event "FSIM September"]
[Site "Budapest HUN"]
[Date "2007.09.08"]
[Round "8"]
[White "Cooke,E"]
[Black "Paschall,W"]
[Result "1/2-1/2"]
[WhiteElo "2213"]
[BlackElo "2353"]

1.d4 Nf6 2.c4 e6 3.Nf3 Bb4+ 4.Bd2 a5 5.a3 Bxd2+ 6.Nbxd2 d6 7.g4 Qe7 8.g5 Nfd7
9.Qc2 e5 10.h4 Nc6 11.d5 Ncb8 12.O-O-O a4 13.Bh3 Kd8 14.Ne4 b6 15.h5 Nc5
16.Bxc8 Kxc8 17.g6 fxg6 18.hxg6 h6 19.Nxc5 bxc5 20.Rh5 Rf8 21.Rf5 Nd7 22.Rh1 Kb7
23.Rxf8 Qxf8 24.Kb1 Nb6 25.Rh5 Qf4 26.Rf5 Qg4 27.Rf7 e4 28.Nd2 Qxg6 29.Rf4 Qg2
30.Ka2 e3 31.fxe3 Qxe2 32.Re4 Qg2 33.Re6 Qg5 34.Nf3 Qg4 35.Nd2 h5 36.e4 Rf8
37.e5 Rf2 38.exd6 cxd6 39.Rxd6 Rxd2 40.Qxd2 Nxc4 41.Qh2 Nxd6 42.Qxd6 Qc4+
43.Ka1 Qf1+ 44.Ka2 Qb5 45.Qe7+ Ka6 46.d6 Qb3+ 47.Ka1 c4 48.d7 Qd1+ 49.Ka2 Qb3+
50.Ka1 Qd1+ 51.Ka2 c3 52.bxc3 Qc2+ 53.Ka1 Qc1+ 54.Ka2 Qc2+  1/2-1/2

[Event "4th LGA Premium Cup"]
[Site "Nuernberg GER"]
[Date "2007.09.08"]
[Round "4"]
[White "Kogan,Ar"]
[Black "Demburg,D"]
[Result "1-0"]
[WhiteElo "2569"]
[BlackElo "2125"]

1.d4 e6 2.Nf3 Nf6 3.c4 Bb4+ 4.Bd2 Bxd2+ 5.Qxd2 d5 6.g3 Ne4 7.Qc2 O-O 8.Bg2 f5
9.O-O Nd7 10.Nbd2 Ndf6 11.Ne5 c6 12.Nxe4 Nxe4 13.Rad1 Nd6 14.f3 f4 15.gxf4 Rxf4
16.Qc1 Rf5 17.e4 Rh5 18.c5 Ne8 19.Qf4 Qf6 20.Qg3 Qh4 21.Rd3 Nf6 22.Rb3 dxe4
23.fxe4 Qxg3 24.Rxg3 Rh4 25.Rxf6  1-0

[Event "2nd Women's"]
[Site "Baku AZE"]
[Date "2007.09.09"]
[Round "6"]
[White "Cmilyte,V"]
[Black "Socko,M"]
[Result "1/2-1/2"]
[WhiteElo "2467"]
[BlackElo "2479"]

1.Nf3 Nf6 2.c4 e6 3.d4 Bb4+ 4.Bd2 c5 5.Bxb4 cxb4 6.e3 O-O 7.Bd3 d6 8.Nbd2 Nc6
9.Qc2 e5 10.O-O Bg4 11.h3 Bxf3 12.Nxf3 Qe7 13.dxe5 dxe5 14.Nd2 Rac8 15.Ne4 h6
16.Nxf6+ Qxf6 17.Bf5 Rc7 18.Rad1 g6 19.Be4 Rfc8 20.b3 b5 21.c5 Nd8 22.Qd2 Rxc5
23.Qxb4 Ne6 24.Rd6 Qh4 25.f3 Qg3 26.Qe1 Qg5 27.Qd2 Rc3 28.f4 exf4 29.exf4 Qc5+
30.Kh2 Qe3 31.Qxe3 Rxe3 32.Bd5 Rc2 33.f5 gxf5 34.Rxf5 Kg7 35.h4 Kg6 36.Rf1 Rxa2
37.Rd7 f5 38.Rc1 f4 39.Rc6 Rae2 40.Rxa7 f3 41.Bxe6 Rxe6 42.Rxe6+ Rxe6 43.gxf3 Re3
44.b4 Rb3 45.Kg3 Rxb4 46.Ra6+ Kh5 47.Rd6 Rb1 48.Rd5+ Kg6 49.h5+ Kf6 50.Rd6+ Kg5
51.Rd5+ Kf6 52.Rd6+  1/2-1/2

[Event "3rd Geller mem Open A"]
[Site "Odessa UKR"]
[Date "2007.09.10"]
[Round "3"]
[White "Lutsko,I"]
[Black "Kornilov,P"]
[Result "1-0"]
[WhiteElo "2418"]
[BlackElo "2148"]

1.Nf3 Nf6 2.c4 e6 3.d4 Bb4+ 4.Bd2 Qe7 5.g3 O-O 6.Bg2 d5 7.O-O Bxd2 8.Nbxd2 b6
9.Qc2 Ba6 10.Rfe1 c6 11.e4 Rc8 12.Rac1 Bb7 13.cxd5 exd5 14.exd5 Qd8 15.Bh3 Nbd7
16.d6 c5 17.Qd3 Rcb8 18.Re7 c4 19.Rxc4 Bd5 20.Bxd7 Nxd7 21.Ne4 Rc8 22.Rxc8 Rxc8
23.Nc3 Bc4 24.Qf5 Nf8 25.Rxa7 Be6 26.Qe4 Qxd6 27.d5 Bd7 28.Kg2 b5 29.Qd4 Rc4
30.Qe5 Qb6 31.Ra8 Rc8 32.Rxc8 Bxc8 33.Qe7 b4 34.Ne2 Qb7 35.Qc5 Bf5 36.Nd2 Nd7
37.Qc6 Qxc6 38.dxc6 Nb6 39.Nd4 Bd3 40.Kf3 Kf8 41.Ke3 Ba6 42.Nc2 b3 43.Nxb3 Nc4+
44.Kd4 Nxb2 45.Nc5 Bc8 46.Ne3 Ke7 47.Kc3 Kd6 48.Ne4+ Ke5 49.Nd2 Na4+ 50.Kb4 Nb6
51.Kb5 Na8 52.Kc5 Ke6 53.Nd5 Ba6 54.f4 Bd3 55.Nf3 Kf5 56.Ne5 Ba6 57.Nxf7 Kg4
58.Ng5 h6 59.Ne3+ Kh5 60.Ne6 g5 61.f5 g4 62.Nd5  1-0

[Event "3rd Geller mem Open A"]
[Site "Odessa UKR"]
[Date "2007.09.10"]
[Round "3"]
[White "Nedilko,V"]
[Black "Didenko,Sergei"]
[Result "1-0"]
[WhiteElo "2400"]
[BlackElo "2130"]

1.d4 Nf6 2.c4 e6 3.Nf3 Bb4+ 4.Bd2 Qe7 5.g3 Bxd2+ 6.Qxd2 d6 7.Nc3 Nc6 8.Bg2 O-O
9.O-O a5 10.e4 e5 11.h3 exd4 12.Nxd4 Qe5 13.Ndb5 Be6 14.b3 Rac8 15.Rfe1 Qh5
16.Nd5 Bxd5 17.cxd5 Nb4 18.Rac1 Na6 19.Qxa5 Nc5 20.Qc3 Qg6 21.Qd4 Rfe8 22.Nc3 Re7
23.b4 Na6 24.a3 b6 25.Re3 h6 26.Rce1 Nd7 27.f4 Rce8 28.Kh2 Qf6 29.Qxf6 gxf6
30.Bf1 Nab8 31.Nb5 Nf8 32.Nd4  1-0

[Event "3rd Geller mem Open A"]
[Site "Odessa UKR"]
[Date "2007.09.12"]
[Round "5"]
[White "Lutsko,I"]
[Black "Aliferenko,A"]
[Result "1/2-1/2"]
[WhiteElo "2418"]
[BlackElo "2256"]

1.d4 Nf6 2.c4 e6 3.Nf3 Bb4+ 4.Bd2 c5 5.g3 b6 6.Bg2 Bb7 7.O-O O-O 8.d5 exd5
9.Nh4 Na6 10.Bxb4 cxb4 11.cxd5 d6 12.Qd4 Nc5 13.Qxb4 Bxd5 14.Nc3 Bxg2 15.Kxg2 Qd7
16.Rad1 Rfe8 17.Qf4 Qc6+ 18.Qf3 Qxf3+ 19.Nxf3 Nce4 20.Nxe4 Rxe4 21.e3 d5
22.Nd4 Ree8 23.Rc1 Rec8 24.Rc6 Rxc6 25.Nxc6 Kf8 26.Rd1 Rc8 27.Nd4 g6 28.f3 h5
29.Kf2 Ke7 30.Ke2 a6 31.Kd2 Nd7 32.Rc1 Rxc1 33.Kxc1 Ne5 34.b3 Kd6 35.Kd2  1/2-1/2

[Event "17th ch-EU U16 Girls"]
[Site "Sibenik CRO"]
[Date "2007.09.18"]
[Round "5"]
[White "Tsatsalashvili,K"]
[Black "Warakomska,A"]
[Result "1/2-1/2"]
[WhiteElo "2181"]
[BlackElo "2135"]

1.d4 Nf6 2.c4 e6 3.Nf3 Bb4+ 4.Bd2 a5 5.Nc3 d6 6.Qc2 Nbd7 7.a3 Bxc3 8.Bxc3 Qe7
9.e4 e5 10.dxe5 Nxe5 11.Nxe5 dxe5 12.Be2 O-O 13.O-O b6 14.f4 Nd7 15.f5 Bb7
16.Kh1 f6 17.b4 axb4 18.axb4 Rxa1 19.Rxa1 Ra8 20.Rxa8+ Bxa8 21.Bd3 c5 22.Qa4 Bb7
23.Bc2 Kf7 24.h3 Qd6 25.Kh2 Bc6 26.Qa3 Qb8 27.Qa1 Qd6 28.bxc5 Qxc5 29.Qd1 Ke7
30.Qd3 Qf2 31.Bb4+ Nc5 32.Bb1 Qb2 33.Ba3 Qf2 34.Bb4 Qb2 35.Ba3 Qf2  1/2-1/2

[Event "17th Senior WCh"]
[Site "Gmunden AUT"]
[Date "2007.09.19"]
[Round "3"]
[White "Gaspariants,G"]
[Black "Hecht,Ha"]
[Result "1/2-1/2"]
[WhiteElo "2241"]
[BlackElo "1869"]

1.d4 e6 2.c4 Nf6 3.Nf3 Bb4+ 4.Bd2 a5 5.g3 b6 6.Bg2 Bb7 7.O-O O-O 8.Qc2 Be7
9.Nc3 d5 10.cxd5 exd5 11.Ne5 c6 12.Rad1 Bd6 13.e4 Na6 14.a3 Nc7 15.Bg5 Be7
16.Rfe1 h6 17.Bc1 Re8 18.f4 Bf8 19.h3 Rc8 20.Kh2 Nb5 21.Qb3 Nxc3 22.bxc3 Qc7
23.exd5  1/2-1/2

[Event "17th Senior WCh"]
[Site "Gmunden AUT"]
[Date "2007.09.19"]
[Round "3"]
[White "Pushkov,N"]
[Black "Sorokin,Valen"]
[Result "1-0"]
[WhiteElo "2513"]
[BlackElo "2319"]

1.d4 Nf6 2.c4 e6 3.Nf3 Bb4+ 4.Bd2 Qe7 5.Nc3 O-O 6.g3 Bxc3 7.Bxc3 Ne4 8.Rc1 Nxc3
9.Rxc3 d6 10.Bg2 Nc6 11.O-O e5 12.d5 Nb8 13.Qc2 a5 14.e4 f5 15.exf5 Bxf5
16.Qd2 Na6 17.Re3 Nc5 18.Nd4 Kh8 19.f4 Bd3 20.Rfe1 Bxc4 21.b3 Qf6 22.fxe5 dxe5
23.Nf3 e4 24.bxc4 exf3 25.Bxf3 a4 26.Bg2 a3 27.Re7 Qb2 28.Qe3 Qb6 29.h4 Qd6
30.Qg5 Rg8 31.Kh2 h6 32.Qe3 b6 33.Qc3 Na4 34.Qd4 Nc5 35.R1e6 Nxe6 36.Rxe6 Rgd8
37.Rxd6 Rxd6 38.c5 bxc5 39.Qxc5  1-0

[Event "17th ch-EU U16 Girls"]
[Site "Sibenik CRO"]
[Date "2007.09.20"]
[Round "7"]
[White "Khazhomia,S"]
[Black "Clopes Llahi,J"]
[Result "0-1"]
[WhiteElo "2175"]
[BlackElo "2020"]

1.d4 Nf6 2.c4 e6 3.Nf3 Bb4+ 4.Bd2 Qe7 5.g3 O-O 6.Bg2 Bxd2+ 7.Qxd2 d6 8.Nc3 e5
9.O-O Re8 10.e3 h6 11.b4 e4 12.Ne1 Bf5 13.Nc2 Nbd7 14.Rfb1 Nb6 15.Bf1 c6
16.a4 Nbd7 17.c5 Nd5 18.Nxd5 cxd5 19.Na3 a6 20.Rc1 Rec8 21.Rc2 Nf6 22.Rac1 Bd7
23.a5 Nh7 24.cxd6 Qxd6 25.Rc5 Ng5 26.Qa2 Nf3+ 27.Kh1 Be6 28.b5 Qd8 29.b6 Rxc5
30.Rxc5 Qg5 31.h3 Qh5 32.h4 Rd8 33.Nc4 g5 34.Nd2 gxh4 35.Nxf3 hxg3+ 36.Kg1 Qxf3
37.Qd2 Kh7 38.Bg2 gxf2+ 39.Qxf2 Rg8 40.Rc7 Rg7 41.Re7 Bh3 42.Rxf7 Qxf2+ 43.Rxf2 Rxg2+
44.Rxg2 Bxg2 45.Kxg2 Kg6 46.Kg3 Kg5 47.Kh3 h5 48.Kg3 h4+ 49.Kh3 Kh5 50.Kh2 Kg4
51.Kg2 h3+ 52.Kh2 Kh4 53.Kg1 Kg3 54.Kh1 Kf3 55.Kh2 Kxe3  0-1

[Event "17th Senior WCh"]
[Site "Gmunden AUT"]
[Date "2007.09.23"]
[Round "6"]
[White "Schmidt,Ger1"]
[Black "Segal,N"]
[Result "0-1"]
[WhiteElo "2256"]
[BlackElo "2146"]

1.d4 Nf6 2.c4 e6 3.Nf3 Bb4+ 4.Bd2 a5 5.e3 O-O 6.Bd3 d5 7.Nc3 Nc6 8.a3 dxc4
9.Bxc4 Bd6 10.Bb5 e5 11.d5 Ne7 12.e4 Bg4 13.h3 Bh5 14.g4 Bg6 15.Qe2 c6 16.dxc6 bxc6
17.Bc4 Kh8 18.Nh4 Ne8 19.Nf5 Bxf5 20.gxf5 Bc5 21.O-O Bd4 22.Kh2 Nc8 23.Rg1 Ncd6
24.Rg2 Nxc4 25.Qxc4 Rb8 26.Rb1 Qb6 27.b4 Nd6 28.Qe2 f6 29.bxa5 Qc7 30.Rbg1 Rf7
31.Na4 Rb3 32.Bb4 c5 33.Rc1 Qb8 34.Nxc5 Rb2 35.Rc2 Rxc2 36.Qxc2 Qc8 37.Rg1 Rc7
38.Rc1 h6 39.Qd3 Bxc5 40.Rd1 Nf7 41.a6 Bxf2 42.Rd2 Bd4 43.h4 Rc4 44.a7 Rc7
45.Rg2 Rxa7 46.Qg3 Qg8 47.Qg6 Be3 48.Rc2 Qd8 49.Rg2 Bf4+ 50.Kh1 Qd1+ 51.Rg1 Qf3+
52.Rg2 Qf1+  0-1

[Event "17th ch-EU U16 Girls"]
[Site "Sibenik CRO"]
[Date "2007.09.23"]
[Round "9"]
[White "Savola,L"]
[Black "Khanamiryan,A"]
[Result "1/2-1/2"]
[WhiteElo "2002"]
[BlackElo "1877"]

1.d4 Nf6 2.Nf3 e6 3.c4 Bb4+ 4.Bd2 Qe7 5.e3 b6 6.Nc3 Bb7 7.Bd3 O-O 8.O-O d6
9.a3 Bxc3 10.Bxc3 Nbd7 11.Rc1 Ne4 12.Nd2 Nxc3 13.Rxc3 c5 14.Bb1 g6 15.dxc5 dxc5
16.e4 Rad8 17.f4 Nf6 18.Qe2 Rd4 19.Nf3 Rdd8 20.Ng5 Nh5 21.Qf2 e5 22.Nh3 exf4
23.Nxf4 Nxf4 24.Qxf4 Rd4 25.Re3 Re8 26.Ref3 f5 27.Qg3 Bxe4 28.Bxe4 fxe4 29.Rf6 Qg7
30.Qe3 Rd1 31.Rxd1 Qxf6 32.b4 cxb4 33.axb4 Qb2 34.b5 Qe5 35.h3 Re7 36.Rd8+ Kg7
37.Rd1 Kg8 38.Rd8+ Kg7 39.Rd1 Kg8  1/2-1/2

[Event "17th Senior WCh"]
[Site "Gmunden AUT"]
[Date "2007.09.24"]
[Round "7"]
[White "Farago,I"]
[Black "Malmdin,N"]
[Result "1-0"]
[WhiteElo "2501"]
[BlackElo "2259"]

1.d4 Nf6 2.c4 e6 3.Nf3 Bb4+ 4.Bd2 c5 5.Bxb4 cxb4 6.Qd3 O-O 7.e4 d6 8.Nbd2 Nc6
9.d5 exd5 10.cxd5 Nb8 11.Be2 Nbd7 12.O-O Re8 13.Qd4 Qb6 14.Bd3 Qxd4 15.Nxd4 Nc5
16.Bb5 Rd8 17.f3 a6 18.Be2 Bd7 19.Nc4 Bb5 20.Nxb5 axb5 21.Ne3 Ra5 22.Nc2 Na6
23.a3 b3 24.Nd4 Nc5 25.Bxb5 g6 26.Rac1 Nh5 27.Rfd1 Nf4 28.Kf1 Kg7 29.g3 Nh5
30.Rc3 Nf6 31.Be2 Raa8 32.Nxb3 Na4 33.Rc2 Nd7 34.Bb5  1-0

[Event "George Trundle NZ IM"]
[Site "Auckland NZL"]
[Date "2007.09.25"]
[Round "4"]
[White "Lukey,S"]
[Black "Solomon,SJ"]
[Result "0-1"]
[WhiteElo "2301"]
[BlackElo "2467"]

1.d4 Nf6 2.c4 e6 3.Nf3 Bb4+ 4.Bd2 Qe7 5.g3 Nc6 6.Bg2 Bxd2+ 7.Nbxd2 O-O 8.O-O d6
9.e4 e5 10.d5 Nb8 11.b4 a5 12.a3 Na6 13.Qb3 c6 14.Rfc1 Bd7 15.c5 dxc5 16.bxc5 Nxc5
17.Qe3 Na4 18.Nc4 cxd5 19.exd5 Nxd5 20.Qxe5 Qxe5 21.Ncxe5 Rfd8 22.Nd4 Be8
23.Nf5 Nac3 24.Re1 b5 25.Rac1 b4 26.axb4 axb4 27.Nd3 b3 28.Bxd5 Nxd5 29.Nc5 g6
30.Nh4 Nb4 31.Rb1 Nc2 32.Rec1 Nd4 33.Rd1 Ne2+ 34.Kf1 Rxd1+ 35.Rxd1 b2 36.Nd3 Nc3
37.Nxb2 Bb5+ 38.Kg2 Bc6+ 39.Kh3 Nxd1 40.Nxd1 Ra2 41.f3 g5 42.Nf5 Bxf3 43.Nde3 h5
44.Nd4 Be4  0-1

[Event "17th Senior WCh"]
[Site "Gmunden AUT"]
[Date "2007.09.26"]
[Round "9"]
[White "Pushkov,N"]
[Black "Karasev,Vl"]
[Result "0-1"]
[WhiteElo "2513"]
[BlackElo "2388"]

1.d4 Nf6 2.c4 e6 3.Nf3 Bb4+ 4.Bd2 Qe7 5.g3 O-O 6.Nc3 d5 7.a3 Bxc3 8.Bxc3 Ne4
9.Qc2 c5 10.Bg2 Nc6 11.O-O Nxc3 12.Qxc3 e5 13.cxd5 Nxd4 14.Rfe1 Bg4 15.h3 Bxf3
16.Bxf3 e4 17.Bg2 Rac8 18.h4 Rfd8 19.e3 Nf5 20.Red1 Nd6 21.a4 f5 22.Bf1 Rc7
23.Be2 b6 24.b4 Qf6 25.Qxf6 gxf6 26.Rac1 Rdd7 27.bxc5 Rxc5 28.Rxc5 bxc5 29.Bb5 Rb7
30.Bc6 Rb2 31.Rc1 c4 32.Kf1 a6 33.Bd7 h5 34.Bxf5 Nxf5 35.Rxc4 Rd2 36.Rc6 Kf7
37.Rxa6 Rxd5 38.Ra8 Rd2 39.a5 Ra2 40.a6 Ne7 41.g4 hxg4 42.Kg2 Nf5 43.h5 g3  0-1

[Event "17th Senior WCh"]
[Site "Gmunden AUT"]
[Date "2007.09.27"]
[Round "10"]
[White "Gutkin,B ISR"]
[Black "Shestoperov,A"]
[Result "1/2-1/2"]
[WhiteElo "2256"]
[BlackElo "2397"]

1.d4 Nf6 2.Nf3 e6 3.c4 Bb4+ 4.Bd2 Qe7 5.g3 Nc6 6.Bg2 Bxd2+ 7.Nbxd2 d6 8.O-O e5
9.d5 Nb8 10.e4 a5 11.Ne1 Nbd7 12.Nd3 O-O 13.b3 Nc5 14.Qc2 Nxd3 15.Nb1 Qd8
16.Qd1  1/2-1/2

[Event "Open"]
[Site "Nelson NZL"]
[Date "2007.10.04"]
[Round "3"]
[White "Johnson,Q"]
[Black "Wilkins,M"]
[Result "1-0"]
[WhiteElo "2145"]
[BlackElo "2245"]

1.d4 Nf6 2.c4 e6 3.Nf3 Bb4+ 4.Bd2 Bxd2+ 5.Qxd2 Ne4 6.Qc2 f5 7.Nc3 Nc6 8.Nxe4 Nb4
9.Qb1 fxe4 10.Qxe4 O-O 11.a3 d5 12.Qb1 Nc6 13.e3 Qf6 14.Bd3 h6 15.O-O b6
16.b4 dxc4 17.Be4 Bb7 18.Ne5 Nd8 19.Nd7 Qe7 20.Nxf8 Kxf8 21.f4 Rb8 22.Bxb7 Nxb7
23.f5 e5 24.f6 gxf6 25.Qg6 Qg7 26.Rxf6+ Kg8 27.dxe5 Qxg6 28.Rxg6+ Kh7 29.Rc6 b5
30.Rxc7+ Kg6 31.Rf1 a5 32.Rf6+ Kh5 33.Rg7  1-0

[Event "WJun Girls"]
[Site "Yerevan ARM"]
[Date "2007.10.04"]
[Round "2"]
[White "Zarkua,E"]
[Black "Darbinyan,N"]
[Result "1/2-1/2"]
[WhiteElo "2009"]
[BlackElo "2089"]

1.d4 Nf6 2.c4 e6 3.Nf3 Bb4+ 4.Bd2 Bxd2+ 5.Qxd2 d6 6.Nc3 Nbd7 7.g3 O-O 8.Bg2 e5
9.O-O Re8 10.e4 c6 11.d5 cxd5 12.cxd5 Nc5 13.Qc2 a5 14.Nd2 b5 15.Nxb5 Ba6
16.a4 Rb8 17.Rfc1 Bxb5 18.axb5 Rxb5 19.Bf1 Rb4 20.f3 Qb6 21.Nc4 Rxc4 22.Bxc4 Nd3+
23.Kg2 Nxc1 24.Qxc1 Rc8 25.Qc3 h6 26.Rxa5 Nd7 27.Ra6 Qxa6 28.Bxa6 Rxc3 29.bxc3 Nc5
30.Bb5 Kf8 31.h4 Ke7 32.Kf2 f6 33.h5 Kd8 34.Kg2 Ke7 35.Kh3 Kf7 36.Kg4 Ke7
37.Kf5 Kf7 38.Bc6 Nb3 39.Bd7 Ke7 40.Be6 Kf8 41.f4 Nc5 42.fxe5 fxe5 43.g4 Na4
44.c4 Nc5 45.Bc8 Kf7 46.Be6+ Kf8 47.Bc8  1/2-1/2

[Event "KNSB TCh-NED 2007-8"]
[Site "Netherlands NED"]
[Date "2007.10.06"]
[Round "2"]
[White "Peelen,P"]
[Black "Deleyn,G"]
[Result "1-0"]
[WhiteElo "2329"]
[BlackElo "2303"]

1.d4 Nf6 2.c4 e6 3.Nf3 Bb4+ 4.Bd2 Qe7 5.g3 Nc6 6.Nc3 d5 7.cxd5 exd5 8.Bg2 O-O
9.O-O Rd8 10.a3 Bxc3 11.Bxc3 Ne4 12.Rc1 Bg4 13.h3 Bh5 14.e3 a5 15.Qc2 Rd6
16.b4 axb4 17.Bxb4 Nxb4 18.axb4 Rc6 19.Qb2 Rb6 20.Ra1 Rd8 21.Ne5 Qxb4 22.Qc2 Qe7
23.Rfc1 c6 24.Bxe4 dxe4 25.Qxe4 f6 26.Qh4 Be8 27.Nd3 Rb5 28.Nc5 b6 29.Qe4 Qf7
30.Ne6 Rc8 31.Nf4 g5 32.Ne2 Qd7 33.Nc3 Bg6 34.Qg4 Qxg4 35.hxg4 Rb3 36.Nd5 Kf8
37.Ra7 Re8 38.Nxf6 Re7 39.Rxe7 Kxe7 40.Rxc6 Rb1+ 41.Kg2 b5 42.e4 Rb4 43.Nd5+  1-0

[Event "KNSB TCh-NED 2007-8"]
[Site "Netherlands NED"]
[Date "2007.10.06"]
[Round "2"]
[White "Groffen,H"]
[Black "Wempe,Jo"]
[Result "1-0"]
[WhiteElo "2152"]
[BlackElo "2298"]

1.d4 Nf6 2.c4 e6 3.Nf3 Bb4+ 4.Bd2 Qe7 5.g3 Nc6 6.Nc3 Bxc3 7.Bxc3 Ne4 8.Rc1 O-O
9.Bg2 d6 10.d5 Nxc3 11.Rxc3 Nb8 12.O-O e5 13.Qc2 a5 14.c5 Na6 15.cxd6 cxd6
16.a3 Bd7 17.Rc1 g6 18.Qd2 b5 19.Qe3 Qd8 20.Qh6 f6 21.Bh3 b4 22.axb4 axb4
23.Rc4 b3 24.Nd2 Nc5 25.Bxd7 Nxd7 26.Nxb3 Rb8 27.R1c3 Rb5 28.e4 f5 29.exf5 Qf6
30.Rh4 Qf7 31.Rd3 e4 32.Rxe4 Qxf5 33.Qe3 Ne5 34.Nd4 Qd7 35.Nxb5 Qxb5 36.Rd1 Qxb2
37.f4 Ng4 38.Qe2 Qb6+ 39.Kg2 Nf6 40.Re7 Qb3 41.Qd3 Qa2+ 42.Rd2 Qa5 43.Re6 Qb4
44.Qd4  1-0

[Event "WJun Girls"]
[Site "Yerevan ARM"]
[Date "2007.10.08"]
[Round "6"]
[White "Pertlova,S"]
[Black "Martirosyan,L"]
[Result "0-1"]
[WhiteElo "2169"]
[BlackElo "2121"]

1.d4 Nf6 2.c4 e6 3.Nf3 Bb4+ 4.Bd2 c5 5.Bxb4 cxb4 6.g3 b6 7.Bg2 Bb7 8.Nbd2 O-O
9.O-O d6 10.Re1 Qc7 11.e4 e5 12.Rc1 Nbd7 13.Qc2 Rfe8 14.h3 Rac8 15.Qa4 a5
16.a3 bxa3 17.bxa3 Qb8 18.c5 dxc5 19.d5 Ba6 20.Bf1 Bxf1 21.Kxf1 Red8 22.Qb5 Ne8
23.Nc4 Nd6 24.Nxd6 Qxd6 25.Kg2 Rb8 26.Nd2 f5 27.Nc4 Qf6 28.f3 f4 29.Qc6 fxg3
30.Qxf6 gxf6 31.Kxg3 a4 32.Kg4 Nf8 33.Kf5 Kf7 34.f4 exf4 35.Kxf4 Ng6+ 36.Ke3 Rg8
37.Rb1 Ne5 38.Nxe5+ fxe5 39.Rf1+ Ke7 40.Rf3 b5 41.Rbf1 Rg7 42.Kd3 Rbg8 43.Rf5 Rg3+
44.Ke2 Rxa3 45.Rxe5+ Kd8 46.Rf7 Rg2+ 47.Kf1 Rb2 48.Rf8+ Kc7 49.Re7+ Kb6 50.Rf6+ Ka5
51.Kg1 Ra1+ 52.Rf1 Rxf1+ 53.Kxf1 a3 54.Ra7+ Kb4 55.d6 Rd2 56.e5 c4 57.d7 c3
58.Ke1 Rd5 59.e6 c2 60.Rc7 a2 61.Rxc2 a1=Q+ 62.Kf2 Qf6+  0-1

[Event "TCh-ROU Superliga"]
[Site "Predeal ROU"]
[Date "2007.10.18"]
[Round "6"]
[White "Nanu,C"]
[Black "Nemeth,F"]
[Result "1-0"]
[WhiteElo "2526"]
[BlackElo "2446"]

1.d4 Nf6 2.Nf3 e6 3.c4 Bb4+ 4.Bd2 Qe7 5.g3 O-O 6.Bg2 Nc6 7.O-O Bxd2 8.Qxd2 d6
9.Nc3 e5 10.d5 Nb8 11.e4 Ne8 12.Ne1 f5 13.f4 fxe4 14.Nxe4 exf4 15.Rxf4 Rxf4
16.Qxf4 Nf6 17.Nxf6+ Qxf6 18.Qxf6 gxf6 19.Nd3 Nd7 20.c5 Ne5 21.Nf4 dxc5 22.Rc1 b6
23.b4 cxb4 24.Rxc7 Bg4 25.d6 Rd8 26.Bd5+ Kh8 27.h3 Bf5 28.g4 Bd7 29.Rxa7 h6
30.Rc7 b5 31.Kf2 f5 32.gxf5 Bxf5 33.Re7 Nc4 34.d7 Rxd7 35.Ng6+ Bxg6 36.Rxd7 Bf5
37.Rb7 Nd6 38.Rb6 Ne4+ 39.Bxe4 Bxe4 40.Rxb5 Bb1 41.Ra5 Bc2 42.Ke3 b3 43.Kd2  1-0

[Event "Open A"]
[Site "Arco di Trento ITA"]
[Date "2007.10.22"]
[Round "3"]
[White "Henrichsen,J"]
[Black "Zucchelli,M"]
[Result "1/2-1/2"]
[WhiteElo "1992"]
[BlackElo "2118"]

1.d4 Nf6 2.c4 e6 3.Nf3 Bb4+ 4.Bd2 Qe7 5.Nc3 Nc6 6.g3 O-O 7.Bg2 Bxc3 8.Bxc3 Ne4
9.Rc1 d6 10.O-O Nxc3 11.Rxc3 a5 12.b3 e5 13.d5 Nb8 14.e4 Na6 15.Ne1 Bd7 16.f4 f6
17.f5 b6 18.g4 a4 19.h4 axb3 20.axb3 Nb4 21.Rg3 Ra2 22.g5 Kh8 23.Bf3 c5 24.Bh5 Be8
25.Qg4 Bxh5 26.Qxh5 Qe8 27.Qg4 Qd7 28.Kh1 Raa8 29.h5 fxg5 30.Qxg5 h6 31.Qg4 Rf6
32.Rfg1 Ra7 33.Nf3 Nd3 34.R3g2 Nf4 35.Rd2 Qf7 36.Rh2 Kg8 37.Rb1 Qd7 38.Rf1 Qe8
39.Rg1 Qf7 40.Rf1 Qe8 41.Rg1 Qf7  1/2-1/2

[Event "IV Veterans"]
[Site "Calvia ESP"]
[Date "2007.10.23"]
[Round "9"]
[White "Alonso Perez,J"]
[Black "Pomar Mir,F"]
[Result "1-0"]
[WhiteElo "2041"]
[BlackElo "1970"]

1.d4 e6 2.c4 Nf6 3.Nf3 Bb4+ 4.Bd2 Qe7 5.Nc3 O-O 6.Qc2 c5 7.e3 d6 8.Be2 Nbd7
9.O-O b6 10.a3 Bxc3 11.Bxc3 Bb7 12.Nd2 e5 13.Rae1 Rfe8 14.d5 Nf8 15.b4 Bc8
16.bxc5 bxc5 17.Rb1 Ng6 18.Rb3 Ng4 19.h3 Nh6 20.Kh2 e4 21.Nb1 Qh4 22.Be1 Nf5
23.g4 Qh6 24.Rg1 Nfh4 25.Rg3 Ne5 26.Nd2 Nhf3+ 27.Bxf3 exf3 28.Kg1 Bd7 29.Qb1 Qf6
30.Nf1 Qd8 31.Nh2 Rb8 32.Nxf3 Nxc4 33.Bc3 Nxa3 34.Qb2 Rxb3 35.Qxb3 Nb5 36.Ba1 Re4
37.Qb2 f6 38.g5 Rb4 39.gxf6 Rxb2 40.Rxg7+ Kf8 41.Bxb2 c4 42.f7 c3 43.Bxc3 Qc7
44.Ng5 Nxc3 45.Rg8+  1-0

[Event "VIII Int Rapid"]
[Site "El Sauzal ESP"]
[Date "2007.11.03"]
[Round "2"]
[White "Darias Darias,L"]
[Black "Dgebuadze,A"]
[Result "0-1"]
[WhiteElo "2022"]
[BlackElo "2505"]

1.d4 Nf6 2.c4 e6 3.Nf3 Bb4+ 4.Bd2 c5 5.Bxb4 cxb4 6.Nbd2 d6 7.e4 O-O 8.Bd3 Re8
9.O-O e5 10.dxe5 dxe5 11.Bc2 Na6 12.Ba4 Rf8 13.Qe2 Nc5 14.Bc2 h6 15.Ne1 Qb6
16.b3 a5 17.Nd3 Nxd3 18.Bxd3 Bg4 19.Qe3 Qxe3 20.fxe3 Nd7 21.h3 Bh5 22.Rae1 Nc5
23.Be2 Bg6 24.g4 f6 25.Kg2 Be8 26.Rf2 Bd7 27.Ref1 Kf7 28.Kg3 Ke6 29.Rf3 a4
30.bxa4 Nxa4  0-1

[Event "VIII Int Rapid"]
[Site "El Sauzal ESP"]
[Date "2007.11.03"]
[Round "4"]
[White "Mendoza,L"]
[Black "Kurajica,B"]
[Result "0-1"]
[WhiteElo "2219"]
[BlackElo "2554"]

1.d4 Nf6 2.c4 e6 3.Nf3 Bb4+ 4.Bd2 a5 5.g3 d5 6.a3 Be7 7.Qc2 c5 8.cxd5 cxd4
9.Nxd4 O-O 10.Bg2 Nxd5 11.Nc3 Nb6 12.Ndb5 Nc6 13.Rd1 Bd7 14.O-O Rc8 15.Bc1 Qe8
16.Qe4 f5 17.Qb1 e5 18.Be3 Na8 19.Nd6 Bxd6 20.Rxd6 Kh8 21.Rfd1 Be6 22.Bxc6 Rxc6
23.Qd3 Rc8 24.f4 Bb3 25.Rd2 Bc4 26.Qb1 Nc7 27.Qd1 exf4 28.Bxf4 Ne6 29.e3 Nxf4
30.exf4 Qe3+ 31.Kg2 h6 32.Qf3 Qe1 33.Qf2 Qe7  0-1

[Event "TCh-FIN 2007-8"]
[Site "Finland FIN"]
[Date "2007.11.17"]
[Round "4"]
[White "Solozhenkin,E"]
[Black "Ivanov,SA"]
[Result "1-0"]
[WhiteElo "2508"]
[BlackElo "2324"]

1.d4 Nf6 2.c4 e6 3.Nf3 Bb4+ 4.Bd2 Bxd2+ 5.Qxd2 d5 6.Nc3 O-O 7.e3 Qe7 8.Rc1 Rd8
9.a3 dxc4 10.Bxc4 c5 11.Qc2 cxd4 12.Nxd4 Bd7 13.Bb5 a6 14.Bxd7 Nbxd7 15.Nce2 Qf8
16.O-O Rac8 17.Qb1 Rxc1 18.Rxc1 Rc8 19.Nb3 Qd8 20.Ned4 g6 21.Rc2 e5 22.Nf3 Kg7
23.Qc1 Rxc2 24.Qxc2 Qb6 25.h3 h6 26.Nfd2 Qb5 27.Nc4 Qd5 28.Nca5 Ne4 29.f3 Nec5
30.Nxc5 Nxc5 31.b4 Nd7 32.Kf2 b6 33.Nc4 b5 34.Nd2 Nb6 35.Ke2 Nc4 36.Nxc4 bxc4
37.Qe4 Qb5 38.Kd2 Kg8 39.Kc3 Qa4 40.Kxc4 Qxa3 41.g4 Qc1+ 42.Kd5 Qc3 43.Kd6 Kf8
44.h4 Kg8 45.g5 hxg5 46.hxg5 Qc8 47.Kxe5 Qb8+ 48.Kd5 Qd8+ 49.Kc4 Qxg5 50.Qa8+ Kg7
51.Qxa6 Qxe3 52.Qc6 Qc1+ 53.Kb5  1-0

[Event "WYb16"]
[Site "Kemer TUR"]
[Date "2007.11.20"]
[Round "3"]
[White "Rajesh,VA"]
[Black "Aydogdu,A"]
[Result "1/2-1/2"]
[WhiteElo "2189"]
[BlackElo "1957"]

1.d4 Nf6 2.c4 e6 3.Nf3 Bb4+ 4.Bd2 Qe7 5.a3 Bxd2+ 6.Nbxd2 d6 7.e4 e5 8.Bd3 O-O
9.O-O a5 10.Qc2 Nc6 11.d5 Nb8 12.b4 Na6 13.c5 axb4 14.Bxa6 Rxa6 15.axb4 Rxa1
16.Rxa1 Bg4 17.Ra7 Rb8 18.h3 Bh5 19.Nh4 Be2 20.Nf5 Qd8 21.Nb3 Ba6 22.Na5 g6
23.Ne3 Qc8 24.cxd6 cxd6 25.Qxc8+ Rxc8 26.Nxb7 Rc1+ 27.Kh2 Bxb7 28.Rxb7 Nxe4
29.f3 Nd2 30.Rb6 f5 31.Rc6 Rb1 32.Nc4 Nf1+ 33.Kg1 f4 34.Kf2 Ng3 35.Nd2 Rb2
36.Ke1 Nf5 37.Ne4 Rb1+ 38.Kd2 Rxb4 39.Kc3 Rd4 40.Rc7 Kf8 41.Rxh7 Rxd5 42.h4 Ng3
43.Nf6 Rd4 44.Rd7 Nf5 45.Nh7+  1/2-1/2